000 00762nam a2200193 i 4500
001 187539
003 ES-MaACL
005 20230906222945.0
008 171120s1897 sp |||| | spa d
080 _a656.2(460)
245 0 0 _aItinerarios de viajes circulares y semi-circulares por los ferro-carriles de la península, vigentes desde el 15 de marzo de 1897.
260 _aMadrid :
_b[s.n.],
_c1897 (
_fEstab. Tip. "Sucesores de Rivadeneyra)
300 _a50 p. :
_bmapas ;
_c18 cm.
530 _aDisponible en formato digital.
594 _aTít. tomado de cubierta.
650 4 _aFerrocarriles-
_zEspaña-
_yS. XIX.
_912762
852 4 _aES-MaACL
_jT-760-F-4
856 4 _uhttp://bdh-rd.bne.es/viewer.vm?id=0000048572&page=1
_zBiblioteca Digital Hispánica
999 _c187539
_d187539